02617nkc a2200373za 450000100060000000300040000600500170001000700070002700800410003404000240007510000410009924500430014026000240018330001000020750002550030750001920056250000650075450001340081950001690095350400520112250500400117451001510121451002100136556101300157561000750170565100260178065500400180670000600184685200120190685601500191894200250206895201330209399900170222684454OSt20260318124302.0kh boc250410s19101911sp ||||| ||||||0| i|spa d aM-RABAbspacM-RABA1 aElorza, Lorenzod(1861-1931)911106810aEstíbalizb: Pila bautismalc/ L. E. c[ca. 1910 – 1911] a1 fotografíab: gelatina de platac; imagen 16,5 x 12 cmc; soporte secundario 26,5 x 21,5 cm aVista de la pila bautismal estructurada mediante un pedestal con núcleo redondeado al que se adosan cuatro columnas sobre el que descansa la copa de la pila completamente decorada, en el interior de la basílica de Nuestra Señora de Estíbaliz  aFotografía montada sobre soporte secundario de cartulina azul enmarcada con orla en relieve. Título y numeración manuscrita que hace referencia a la posición en la serie “73”. aSello con monograma del fotógrafo en tinta roja “L.E.” aFechas tomadas de la ejecución del positivo de las fotografías, incluido el soporte secundario. (Soto Madrazo, Javier. 2008). aForma parte de un conjunto de 167 fotografías empleadas por Federico Baráibar Zumárraga para la elaboración del Inventario del Románico en Álava (1911). aBaraibar, F.: "Rincones artísticos", M. 1914. aEstivariz.- Pila bautismal. / L. E. aDescripción tomada de: Soto Madrazo, Javier (2008). Federico Baraibar y el Inventario del Románico en Álava: una caja con 167 fotografías. aEsta colección fue utilizada posteriormente por Cristóbal de Castro para la elaboración y publicación del "Catálogo Monumental de España: provincia de Álava", Madrid, S. de Rivadeneira, 1915. aDonadas junto con la memoria manuscrita a la Academia por el mismo Baraibar (Sesión 12 de febrero de 1912, Archivo: 4-32-1)27aSantuario de Santa María de Estíbaliz (cÁlava, España)927018 7aÁlava2embne975661 0aFotografías de monumentos91115801 aBaráibar y Zumárraga, Federico d(1851-1918)912926 jFot-182 3Fot-182uhttps://archivoybiblioteca.realacademiabellasartessanfernando.com/cgi-bin/koha/opac-retrieve-file.pl?id=060b42cc3c886971c31565b24fe0cb45 2ddccFOTOGRAFÍAn0 00102ddc40708FOTOGRAFIAaRABASFbRABASFcDP2d2025-04-10l0oFot-182p1095330r2025-04-10 11:11:51w2025-04-10yFOTOGRAFÍA c84454d84454